| 000 | 00852nam a2200229Ia 4500 | ||
|---|---|---|---|
| 008 | 130821s1968 sp gr spa | ||
| 040 |
_aCo-BoUCM _bspa |
||
| 041 | _aspa | ||
| 245 |
_aTeatro cómico soviético _cVladimir Maiakvski; Eugéni Zamiatin Kataiev; Boris Romashov; traducción del ruso por Andrés Fierro; Antonio Olivares; Ilse Wolf |
||
| 260 |
_aMadrid (España) _bAguilar _c1968 |
||
| 300 | _a289 páginas | ||
| 650 | 0 | 4 |
_aComedia soviética _911185 |
| 650 | 0 | 4 |
_aTeatro soviético _925092 |
| 700 |
_aFierro, Andrés _eTr _9155814 |
||
| 700 |
_aMaiakvski, Vladimir _9155815 |
||
| 700 |
_aOlivares, Antonio _eTr _9134591 |
||
| 700 |
_aRomashov, Boris _9155816 |
||
| 700 |
_aWolf, Ilse _eTr. _9155817 |
||
| 700 |
_aZamiatin Kataiev, Eugéni _9155818 |
||
| 942 |
_cLIBRO _a18 _e1 _mT31 _2DEWEY _h891.7 |
||
| 999 |
_c12447 _d12447 |
||